New England construction.
Saved in:
| Format: | Journal |
|---|---|
| Language: | English |
| Published: |
[Guilford, Conn., etc.,
Northeast Pub. Co., etc.]
|
| Subjects: | |
| Tags: |
Add Tag
No Tags, Be the first to tag this record!
|
| LEADER | 01113cas a2200337 4500 | ||
|---|---|---|---|
| 001 | 009907623-3 | ||
| 005 | 20180105182651.0 | ||
| 008 | 790503c19uu9999ctusr p s 0|||a0eng d | ||
| 010 | |a sn 79002665 | ||
| 022 | 0 | |a 0028-470X |l 0028-470X |y 0010-6704 |y 0045-3900 |2 1 | |
| 032 | |a 378540 |b USPS | ||
| 035 | 0 | |a ocm04922163 | |
| 035 | |a (Mrcit)110978966548698 | ||
| 037 | |b New England Construction, P.O. Box 7500, Highlands Ranch, CO 80163-7500 | ||
| 042 | |a nsdp |a pcc | ||
| 050 | 0 | 0 | |a TA1 |b .N35 |
| 082 | 1 | |a 338 |2 11 | |
| 210 | 0 | |a New Engl. constr. | |
| 222 | 0 | |a New England construction | |
| 245 | 0 | 0 | |a New England construction. |
| 260 | |a [Guilford, Conn., etc., |b Northeast Pub. Co., etc.] | ||
| 300 | |a v. : |b ill. ; |c 27 cm. | ||
| 310 | |a Semimonthly | ||
| 650 | 0 | |a Engineering |v Periodicals. | |
| 650 | 0 | |a Construction industry |z New England |v Periodicals. | |
| 650 | 7 | |a Construction industry. |2 fast |0 (OCoLC)fst00875964 | |
| 650 | 7 | |a Engineering. |2 fast |0 (OCoLC)fst00910312 | |
| 651 | 7 | |a New England. |2 fast |0 (OCoLC)fst01241913 | |
| 655 | 7 | |a Periodicals. |2 fast |0 (OCoLC)fst01411641 | |
| 988 | |a 20060331 | ||
| 906 | |0 MH | ||


